| 000 | 01631nam a2200505 i 4500 | ||
|---|---|---|---|
| 001 | 35964 | ||
| 003 | KOSZ 005 | ||
| 005 | 20220620121521.0 | ||
| 008 | 990524s1998 pl |000 0 pol | ||
| 015 | _aUWD 1999/14128 | ||
| 020 | _a8370113478 | ||
| 020 | _a8370113486 | ||
| 035 | _a991010313289705066 | ||
| 035 | _a(PL-WaBN)b12814635-48omnis_nlop | ||
| 035 | _ab12814635 | ||
| 035 | _a(OCoLC)749294042 | ||
| 035 | _acc99221627 | ||
| 035 | _a(PL)b0000001281463 | ||
| 035 | _a(EXLNZ-48OMNIS_NETWORK)9910311639605606 | ||
| 040 |
_aWA N _cWA N _dKOSZ 005/HR |
||
| 041 | 0 | _apol | |
| 046 | _k1998 | ||
| 080 | _a338.43 | ||
| 080 | _a(075.8) | ||
| 100 | 1 |
_aKapusta, Franciszek _d(1937- ) _eAutor |
|
| 245 | 1 | 0 |
_aTeoria agrobiznesu. _nCz. 1 / _cFranciszek Kapusta. |
| 260 |
_aWrocław : _bWydawnictwo Akademii Ekonomicznej im. Oskara Langego, _c1998. |
||
| 300 |
_a271 s. ; _c24 cm. |
||
| 336 |
_aTekst _btxt _2rdacontent |
||
| 337 |
_aBez urządzenia pośredniczącego _bn _2rdamedia |
||
| 338 |
_aWolumin _bnc _2rdacarrier |
||
| 380 | _aKsiążki | ||
| 388 | _a1901-2000 | ||
| 388 | _a1989-2000 | ||
| 504 | _aBibliogr. przy rozdz. | ||
| 650 | 7 |
_aAgrobiznes _2DBN |
|
| 650 | 7 | _aEkonomika rolnictwa | |
| 655 | 7 |
_aPodręczniki akademickie _2DBN |
|
| 658 | _aGospodarka, ekonomia, finanse | ||
| 658 | _aRolnictwo i leśnictwo | ||
| 710 | 2 | _aWydawnictwo Akademii Ekonomicznej im. Oskara Langego (Wrocław) | |
| 856 |
_uhttp://koha.tu.koszalin.pl/cgi-bin/koha/opac-detail.pl?biblionumber=35964 _yKatalog online BPK |
||
| 942 |
_2UKD _cKS |
||
| 999 |
_c35964 _d35964 |
||